000
00255nam a2200097Ia 4500
001
760512
005
20250826165149.0
008
250824s9999 xx 000 0 und d
245
0
_a
KABE İLE KONUŞAN ADAM
_c
NECMETTİN ŞAHİNLER
260
_b
İNSAN YAYINLARI
999
_c
760512
_d
760512